000 00377pab a2200157 454500
008 180718b2000 xxu||||| |||| 00| 0 eng d
100 _aVijay Laxmi
245 _aCompassionate appointment
260 _c2000
300 _ap.91-96
362 _aApr-Jun
650 _aCivil service - India
650 _aCivil service
773 _aManagement in Government
909 _a47373
999 _c47373
_d47373